<?xml version="1.0" encoding="UTF-8"?>
<collection xmlns="http://www.loc.gov/MARC21/slim">
 <record>
  <leader>00539nam a22001695a 4500</leader>
  <controlfield tag="001">EHU.bham006413</controlfield>
  <controlfield tag="003">AR-BHAM</controlfield>
  <controlfield tag="005">20090616161459.0</controlfield>
  <controlfield tag="008">130507s1970##################000#0#####d</controlfield>
  <datafield tag="082" ind1="4" ind2="9">
   <subfield code="a">498</subfield>
  </datafield>
  <datafield tag="100" ind1="1" ind2=" ">
   <subfield code="a">Escribens, Augusto</subfield>
  </datafield>
  <datafield tag="245" ind1="1" ind2="0">
   <subfield code="a">Gramatica del quechua de huaylas /</subfield>
   <subfield code="c">Augusto Escribens , Paul Broulx ,</subfield>
  </datafield>
  <datafield tag="260" ind1=" " ind2=" ">
   <subfield code="a">Lima :</subfield>
   <subfield code="b">Universidad Nacional Mayor De San Marcos,</subfield>
   <subfield code="c">1970</subfield>
  </datafield>
  <datafield tag="300" ind1=" " ind2=" ">
   <subfield code="a">85 p.</subfield>
  </datafield>
  <datafield tag="653" ind1=" " ind2=" ">
   <subfield code="a">Lenguas de america del sur</subfield>
  </datafield>
  <datafield tag="700" ind1="1" ind2=" ">
   <subfield code="a">Broulx, Paul</subfield>
  </datafield>
  <datafield tag="859" ind1=" " ind2=" ">
   <subfield code="a">AR-BHAM</subfield>
   <subfield code="b">BIB. HUMANIDADES - General</subfield>
   <subfield code="h">498</subfield>
   <subfield code="i">Es19</subfield>
   <subfield code="p">568.70</subfield>
   <subfield code="t">Ej.1</subfield>
  </datafield>
 </record>
</collection>
